PSYCHOLOGY FOR GRADUATE NURSES (Record no. 10792)

MARC details
000 -LEADER
fixed length control field 00326nam a22001457a 4500
003 - CONTROL NUMBER IDENTIFIER
control field SGT
020 ## - INTERNATIONAL STANDARD BOOK NUMBER
International Standard Book Number 978-93-5090-203-5
082 ## - DEWEY DECIMAL CLASSIFICATION NUMBER
Classification number 150
Item number P13K
100 ## - MAIN ENTRY--PERSONAL NAME
Personal name KONNUR, RAJESH G.
245 ## - TITLE STATEMENT
Title PSYCHOLOGY FOR GRADUATE NURSES
260 ## - PUBLICATION, DISTRIBUTION, ETC. (IMPRINT)
Place of publication, distribution, etc INDIA
Name of publisher, distributor, etc JAYPEE
Year of Publication 2013
300 ## - PAGE DESCRIPTION
No. of Pages 243
650 ## - SUBJECT ADDED ENTRY--TOPICAL TERM
Topical term or geographic name as entry element PSYCHOLOGY
942 ## - ADDED ENTRY ELEMENTS (KOHA)
Source of classification or shelving scheme Dewey Decimal Classification
Koha item type Books
942 ## - ADDED ENTRY ELEMENTS (KOHA)
-- 58
Holdings
Withdrawn status Lost status Source of classification or shelving scheme Damaged status Not for loan Collection code Home library Current library Shelving location Date acquired Vendor Name Cost, normal purchase price SGTU Bill Number Total Checkouts Full call number Accession No. (Barcode) Date last seen Date last borrowed Bill Date Koha item type Total Renewals
    Dewey Decimal Classification     NURSING SGT Medical Library SGT Medical Library Text Book 08/02/2017 ABC 300.00 SGTU 7429 9 150 P13K FN3091 17/09/2025 16/09/2025 04/11/2016 Books  
    Dewey Decimal Classification     NURSING SGT Medical Library SGT Medical Library Text Book 08/02/2017 ABC 300.00 SGTU 7429 3 150 P13K FN3092 02/01/2025 02/01/2025 04/11/2016 Books  
    Dewey Decimal Classification     NURSING SGT Medical Library SGT Medical Library Text Book 08/02/2017 ABC 300.00 SGTU 7429 8 150 P13K FN3093 22/12/2025 17/12/2025 04/11/2016 Books 1
    Dewey Decimal Classification     NURSING SGT Medical Library SGT Medical Library Text Book 08/02/2017 ABC 300.00 SGTU 7429 8 150 P13K FN3094 17/01/2025 07/01/2025 04/11/2016 Books 1
    Dewey Decimal Classification     NURSING SGT Medical Library SGT Medical Library Text Book 08/02/2017 ABC 300.00 SGTU 7429 4 150 P13K FN3095 12/12/2025 04/12/2025 04/11/2016 Books  
    Dewey Decimal Classification     NURSING SGT Medical Library SGT Medical Library Text Book 08/02/2017 ABC 300.00 SGTU 7429 12 150 P13K FN3096 24/12/2025 24/12/2025 04/11/2016 Books  
    Dewey Decimal Classification     NURSING SGT Medical Library SGT Medical Library Text Book 08/02/2017 ABC 300.00 SGTU 7429 4 150 P13K FN3097 11/02/2025 08/02/2025 04/11/2016 Books  
    Dewey Decimal Classification     NURSING SGT Medical Library SGT Medical Library Text Book 08/02/2017 ABC 300.00 SGTU 7429 7 150 P13K FN3098 23/10/2025 21/10/2025 04/11/2016 Books  
    Dewey Decimal Classification     NURSING SGT Medical Library SGT Medical Library Text Book 08/02/2017 ABC 300.00 SGTU 7429 7 150 P13K FN3099 22/01/2025 16/01/2025 04/11/2016 Books  
    Dewey Decimal Classification     NURSING SGT Medical Library SGT Medical Library Text Book 08/02/2017 ABC 300.00 SGTU 7429 8 150 P13K FN3100 15/12/2025 01/12/2025 04/11/2016 Books 1